Indovina la nazione dalla città parte 3 - Statistics

Statistiche generali
  • Questo quiz è stato fatto 95 volte
    93 dall'ultimo reset
  • Il punteggio medio è 13 su 20
Statistiche sulle risposte
CITTA' NAZIONE % Corretto
Chengdu Cina
95%
Kiel Germania
83%
Katowice Polonia
82%
Barranquilla Colombia
79%
Limassol Cipro
78%
Manaus Brasile
76%
Larissa Grecia
76%
Bodo Norvegia
76%
Funchal Portogallo
75%
Baton-Rouge Usa/Stati Uniti
75%
Jaipur India
74%
Arcangelo Russia
71%
Hermosilio Messico
68%
Nikopol Ucraina
68%
Subotica Serbia
54%
Schengen Lussemburgo
47%
Yangon Myanmar/Birmania
42%
Cabinda Angola
37%
Hargheisa Somalia
26%
Walvis Bay Namibia
22%
Nessun quiz corrispondente trovato
Distribuzione punteggi
Percentuale di utenti per punteggio
Percentile per numero di risposta
I tuoi punteggi nel tempo
Non hai fatto questo quiz dall'ultimo reset